书目信息 |
| 题名: |
铁骑王者
|
|
| 作者: | 宋毅 主编 ;李金海 著 | |
| 分册: | ||
| 出版信息: | 武汉 华中科技大学出版社 2019.05 |
|
| 页数: | 244页 | |
| 开本: | 24cm | |
| 丛书名: | 权力的游戏 | |
| 单 册: | ||
| 中图分类: | K827=47 , K827 | |
| 科图分类: | ||
| 主题词: | ||
| 电子资源: | ||
| ISBN: | 978-7-5680-3397-8 | |
| 000 | 00925oam2 2200265 450 | |
| 001 | 2158827129 | |
| 005 | 20211117162031.76 | |
| 010 | @a978-7-5680-3397-8@dCNY39.80 | |
| 100 | @a20190507d2019 em y0chiy50 ea | |
| 101 | 0 | @achi |
| 102 | @aCN@b420000 | |
| 105 | @aabc z 000yb | |
| 200 | 1 | @a铁骑王者@e成吉思汗传@f宋毅主编@g李金海著 |
| 210 | @a武汉@c华中科技大学出版社@d2019.05 | |
| 215 | @a244页@c图,地图,画像@d24cm | |
| 225 | 2 | @a权力的游戏 |
| 330 | @a本书讲述了蒙古帝国的开创者成吉思汗的传奇故事,以成吉思汗的征战生涯为主线,系统阐述了他在欧亚大陆上掀起战争狂潮的过程,剖析了成吉思汗和他的子孙建立人类史上版图大的帝国的始末,让我们深入透彻地了解这位风云激荡、戎马倥偬的“世界之王”。 | |
| 333 | @a一般读者 | |
| 600 | 0 | @a成吉思汗@f(1162-1227)@x传记 |
| 690 | @aK827=47@v5 | |
| 690 | @aK827@v4 | |
| 701 | 0 | @a宋毅@4主编 |
| 702 | 0 | @a李金海@4著 |
| 801 | 0 | @aCN@b山东中教@c20211112 |
| 905 | @aZUCC@dK827@e366 | |
| 铁骑王者:成吉思汗传/宋毅主编/李金海著.-武汉:华中科技大学出版社,2019.05 |
| 244页:图,地图,画像;24cm.-(权力的游戏) |
| 使用对象:一般读者 |
| ISBN 978-7-5680-3397-8:CNY39.80 |
| 本书讲述了蒙古帝国的开创者成吉思汗的传奇故事,以成吉思汗的征战生涯为主线,系统阐述了他在欧亚大陆上掀起战争狂潮的过程,剖析了成吉思汗和他的子孙建立人类史上版图大的帝国的始末,让我们深入透彻地了解这位风云激荡、戎马倥偬的“世界之王”。 |
| ● |
| 相关链接 |
|
|
|
正题名:铁骑王者
索取号:K827/366
 
预约/预借
| 序号 | 登录号 | 条形码 | 馆藏地/架位号 | 状态 | 备注 |
| 1 | 2000890491 | 2000890491 | 兵学书屋/兵圣1架A面4层4列/ [索取号:K827/366] | 在馆 | |
| 2 | 2000890492 | 2000890492 | 兵学书屋/兵圣1架A面4层4列/ [索取号:K827/366] | 在馆 | |
| 3 | 2000890493 | 2000890493 | 兵学书屋/兵圣1架A面4层4列/ [索取号:K827/366] | 在馆 |